Normal view
MARC view
- Sauleha Javed Durrani
Entry Personal Name
001 - CONTROL NUMBER
- control field: 99064
003 - CONTROL NUMBER IDENTIFIER
- control field: NUST
005 - DATE AND TIME OF LATEST TRANSACTION
- control field: 20220929145932.0
008 - FIXED-LENGTH DATA ELEMENTS
- fixed length control field: 220929|| aca||aabn | a|a d
040 ## - CATALOGING SOURCE
- Original cataloging agency: NUST
- Transcribing agency: NUST
100 ## - HEADING--PERSONAL NAME
- Personal name: Sauleha Javed Durrani
670 ## - SOURCE DATA FOUND
- Source citation: Work cat.: (NUST)11358: Sauleha Javed Durrani, Enhancing Dspace with multi-faceted search: the case of Dspace at SEECS-NUST-Pakistan, 2011
